000 00952nam a2200277 a 4500
003 CO-ViMGA
005 20230915225027.0
008 080128s2006 sp a jr 0001j spa d
020 _aISBN 8426135439
020 _z8426135438
040 _aCO-ViMGA
_bspa
_cCO-ViMGA
041 1 _heng
043 _an-us---
082 0 4 _aI813.5
_bT46i
_219 ed.
100 1 _aThomson, Sarah L.
_9906
245 1 0 _aImagina un día /
_ctexto Sarah L. Thomson ; ilustraciones Rob Gonsalves ; traducción de Elodie Bourgeois Bertín.
260 3 _aBarcelona :
_bEditorial Juventud,
_c2006.
300 _a[31] p. :
_bil. ;
_c29 cm.
534 _pTítulo original :
_tImagine a day.
650 1 4 _aCuentos infantiles estadounidenses.
_9299
650 1 4 _aImaginación
_x Libros ilustrados para niños.
_9907
650 1 6 _aLibros ilustrados para niños.
_987
700 1 2 _aBourgeois, Elodie,
_etr.
_9908
700 1 2 _aGonsalves, Rob,
_eil.
_9909
942 _2ddc
_cBK
999 _c12152
_d12152